Troublemakers (1997) #11 /

"Accidents Will Happen" - How hard could it be to run an errand? When the person fetching the groceries is Calamity Jane, you don't want to know! One chaotic event leads to another, and pretty soon, the fate of the planet hinges on a blue poodle and a can of Lemon Pledge. Don't a...

Full description

Bibliographic Details
Corporate Author: Library Pass, LLC
Other Authors: Nicieza, Fabian (writer.)
Format: eBook
Language:English
Published: [United States] : Valiant Entertainment, 2022.
Subjects:
Online Access:Connect to this electronic book (First time users create your free account)

MARC

Tag First Indicator Second Indicator Subfields
LEADER 00000nmm a22000001a 4500
001 in00004615134
006 m|||||o||m||||||||
007 cr|cn |||uuuuu
008 221118s2022 xxu||||eo|||| ||||||eng d
005 20221207214705.6
035 |a (TxWaIVM)IV86106VaTr 
040 |a TxWaIVM  |c TxWaIVM 
245 0 0 |a Troublemakers (1997) #11 /  |c powered by Library Pass. 
260 3 |a [United States] :  |b Valiant Entertainment,  |c 2022. 
300 |a 1 online resource. 
336 |a text  |b txt  |2 rdacontent 
337 |a computer  |b c  |2 rdamedia 
338 |a online resource  |b cr  |2 rdacarrier 
520 |a "Accidents Will Happen" - How hard could it be to run an errand? When the person fetching the groceries is Calamity Jane, you don't want to know! One chaotic event leads to another, and pretty soon, the fate of the planet hinges on a blue poodle and a can of Lemon Pledge. Don't ask...just read it and find out!  
521 |a 4 
538 |a Requires a valid library card and registration for new users. 
538 |a Mode of access: World Wide Web. 
538 |a System requirements: Flash 10.1 or higher, Windows XP and higher, Internet Explorer 7 and higher, Firefox 3.6 and higher, Google Chrome; Max OS 10.5 and higher, Safari 4 and higher. 
650 0 |a Comic books, strips, etc. 
655 7 |a Electronic books.  |2 local 
655 7 |a Comic books, strips, etc.  |2 gsafd 
650 0 |a Romance comic books, strips, etc. 
655 7 |a Romance comic books, strips, etc.  |2 gsafd 
650 0 |a Comic books, strips, etc. --Students 
655 7 |a Comic books, strips, etc. --Students  |2 gsafd 
650 0 |a Science fiction comic books, strips, etc. 
655 7 |a Science fiction comic books, strips, etc.  |2 gsafd 
650 0 |a Comic books, strips, etc. 
655 7 |a Comic books, strips, etc.  |2 gsafd 
650 0 |a Comic books, strips, etc. --Superheroes 
655 7 |a Comic books, strips, etc. --Superheroes  |2 gsafd 
700 1 |a Nicieza, Fabian.  |e writer. 
700 1 |a Martinez, Kenny.  |e artist. 
710 2 |a Library Pass, LLC. 
856 4 0 |u http://proxy.library.tamu.edu/login?url=https://tamu.librarypass.com/product/com.iversecomics.valiant.entertainment.troublemakers.1997.eleven.english.01062022  |z Connect to this electronic book (First time users create your free account)  |t 0 
955 |a Comics Plus. 
999 f f |s 46d11361-3d1d-44f6-945f-43d5ab01d658  |i 2e6e27ef-4815-4562-8ae1-663e7c1578f6  |t 0 
952 f f |a Texas A&M University  |b College Station  |c Electronic Resources  |d Available Online  |t 0  |h Library of Congress classification 
998 f f |t 0  |l Available Online